| 000 | 00805nam a2200217 a 4500 | ||
|---|---|---|---|
| 003 | AM-YEHGA | ||
| 001 | 1414619 | ||
| 005 | 20250618080033.0 | ||
| 008 | 181019s1962 ru a||||r|||||000|1|rus|| | ||
| 040 | _aAM-YeHGA | ||
| 041 | 0 |
_arus _hsah |
|
| 245 | 0 | 0 |
_aЯкутские рассказы : _bПер. с якутского / _c[Послесл.: Н. Габышева ; Ил.: А.И. Осипов]. |
| 260 |
_aЯкутск : _bЯкуткнигоиздат, _c1962. |
||
| 300 |
_a343 с. : _bил. ; _c21 см. |
||
| 650 | 1 | 4 |
_aХудожественная литература _94918 |
| 650 | 1 | 4 |
_aЯкутская литература _xПроза |
| 700 | 1 |
_aОсипов, А.И. _eил. _4ill |
|
| 700 | 1 |
_aГабышев, Н. _eавт. предисл. _4aui |
|
| 942 |
_2udc _cBK |
||
| 090 | _c525739 | ||
| 999 |
_c522149 _d522149 |
||